[Event "North Wales Major op 4th"]
[Site "Llandudno"]
[Date "2019.06.21"]
[Round "1"]
[White "Cawston, M John"]
[Black "Szwajkun, Richard"]
[Result "1/2-1/2"]
[WhiteElo "1813"]
[BlackElo "1574"]
[PlyCount "92"]
[EventDate "2019.06.21"]
[EventType "swiss"]
[EventRounds "5"]
[EventCountry "WLS"]
[SourceTitle "EXT 2020"]
[Source "ChessBase"]
[SourceDate "2019.10.17"]
[SourceVersion "1"]
[SourceVersionDate "2019.10.17"]
[SourceQuality "1"]

1. e4 d5 2. exd5 Qxd5 3. d4 Nf6 4. Nc3 Qa5 5. Nf3 Bg4 6. Be2 c6 7. 0-0 e6 8. h3 Bxf3 9. Bxf3 Nbd7 10. Bf4 Be7 11. Qe2 0-0 12. a3 Rfe8 13. Rfe1 Nd5 14. Nxd5 exd5 15. Qd3 Bf8 16. Bd2 Qb6 17. b4 Qc7 18. Re2 Rxe2 19. Qxe2 g6 20. Re1 Nf6 21. Qd3 Bg7 22. c3 Qd6 23. g3 Qd7 24. Kg2 Re8 25. Rxe8+ Qxe8 26. Qe2 Qxe2 27. Bxe2 Ne4 28. Be1 Bh6 29. f3 Nd6 30. Bd3 b5 31. f4 f5 32. Kf3 Ne4 33. Bc2 Kf7 34. a4 a6 35. a5 Bf8 36. g4 h5 37. gxh5 gxh5 38. Bd1 Kg6 39. Ke3 Bd6 40. Bf3 Bc7 41. Bg2 Bb8 42. Kf3 Bc7 43. Ke3 Bd6 44. Bf3 Kh6 45. Be2 Kg6 46. Bd3 Bc7 1/2-1/2

[Event "Telford 4NCL U1825 op"]
[Site "Telford"]
[Date "2018.11.02"]
[Round "4"]
[White "Sandhu, Manvith"]
[Black "Szwajkun, Richard"]
[Result "1/2-1/2"]
[WhiteElo "1483"]
[BlackElo "1584"]
[PlyCount "79"]
[EventDate "2018.10.31"]
[EventType "swiss"]
[EventRounds "9"]
[EventCountry "ENG"]
[SourceTitle "CBM 187 Extra"]
[Source "ChessBase"]
[SourceDate "2018.11.04"]
[SourceVersion "1"]
[SourceVersionDate "2018.11.04"]
[SourceQuality "1"]

1. e4 d5 2. exd5 Qxd5 3. Nc3 Qa5 4. d4 Nf6 5. Nf3 Bg4 6. h3 Bxf3 7. Qxf3 c6 8. Bd2 Nbd7 9. 0-0-0 e6 10. g4 Bb4 11. a3 Bxc3 12. Bxc3 Qd5 13. Qxd5 Nxd5 14. Bd2 0-0-0 15. c4 Ne7 16. Ba5 b6 17. Bc3 Rhg8 18. Bg2 Kc7 19. f4 g6 20. Rhe1 Rge8 21. a4 a5 22. c5 Nd5 23. Bxd5 exd5 24. cxb6+ Kxb6 25. Kc2 Nf6 26. b4 axb4 27. Rb1 Rxe1 28. Bxe1 Rb8 29. Rxb4+ Ka7 30. Rxb8 Kxb8 31. Kd3 Kb7 32. Ke3 Ne4 33. g5 Nd6 34. Kd3 Nc4 35. Kc3 Nd6 36. Kb4 Ne4 37. Ka5 Nd6 38. Kb4 Ne4 39. Ka5 Nd6 40. Kb4 1/2-1/2

[Event "BCF-chT4 1516 (4NCL)"]
[Site "England"]
[Date "2016.05.02"]
[Round "11.99"]
[White "Davis, Lee"]
[Black "Szwajkun, Richard"]
[Result "1-0"]
[WhiteElo "1967"]
[BlackElo "1676"]
[PlyCount "41"]
[EventDate "2015.11.14"]
[EventType "team-swiss"]
[EventRounds "11"]
[EventCountry "ENG"]
[SourceTitle "EXT 2017"]
[Source "ChessBase"]
[SourceDate "2016.10.25"]
[SourceVersion "1"]
[SourceVersionDate "2016.10.25"]
[SourceQuality "1"]
[WhiteTeam "The Full Ponty"]
[BlackTeam "Shropshire III"]
[WhiteTeamCountry "ENG"]
[BlackTeamCountry "ENG"]

1. d4 Nf6 2. g3 d5 3. Bg2 b6 4. Nf3 Bb7 5. 0-0 e6 6. c4 dxc4 7. Qa4+ Nbd7 8. Ne5 Bxg2 9. Kxg2 c5 10. dxc5 Qc7 11. Bf4 Qb7+ 12. c6 Qc8 13. cxd7+ Nxd7 14. Rd1 Qb7+ 15. f3 Rd8 16. Rxd7 Rxd7 17. Qxd7+ Qxd7 18. Nxd7 Kxd7 19. Nd2 b5 20. a4 Bb4 21. axb5 1-0

[Event "BCF-chT4 1516 (4NCL)"]
[Site "England"]
[Date "2016.05.01"]
[Round "10.99"]
[White "Gooding, Ian R"]
[Black "Szwajkun, Richard"]
[Result "1-0"]
[WhiteElo "2032"]
[BlackElo "1676"]
[PlyCount "67"]
[EventDate "2015.11.14"]
[EventType "team-swiss"]
[EventRounds "11"]
[EventCountry "ENG"]
[SourceTitle "EXT 2017"]
[Source "ChessBase"]
[SourceDate "2016.10.25"]
[SourceVersion "1"]
[SourceVersionDate "2016.10.25"]
[SourceQuality "1"]
[WhiteTeam "Cambridge III"]
[BlackTeam "Shropshire III"]
[WhiteTeamCountry "ENG"]
[BlackTeamCountry "ENG"]

1. e4 d5 2. exd5 Qxd5 3. Nc3 Qa5 4. d4 Nf6 5. Nf3 Bg4 6. Be2 c6 7. 0-0 e6 8. Qd3 Be7 9. Bf4 Nbd7 10. a3 Nd5 11. Bg3 Bf5 12. Qd2 N7f6 13. Nxd5 Qxd5 14. c4 Qd8 15. Rad1 Ne4 16. Qe3 Nxg3 17. hxg3 0-0 18. Rfe1 Re8 19. Qb3 Qc7 20. Nh4 Bg6 21. Bf3 Rad8 22. Nxg6 hxg6 23. Re2 Bf6 24. Red2 Rd7 25. d5 exd5 26. cxd5 c5 27. d6 Qb8 28. Bg4 Rdd8 29. d7 Re4 30. Bf3 Rd4 31. Rxd4 Bxd4 32. Bg4 b6 33. Re1 Qd6 34. Re8+ 1-0

[Event "BCF-chT4 1516 (4NCL)"]
[Site "England"]
[Date "2016.02.14"]
[Round "6.225"]
[White "Balouka Myers, Raphael"]
[Black "Szwajkun, Richard"]
[Result "0-1"]
[WhiteElo "1457"]
[BlackElo "1676"]
[PlyCount "46"]
[EventDate "2015.11.14"]
[EventType "team-swiss"]
[EventRounds "11"]
[EventCountry "ENG"]
[SourceTitle "EXT 2017"]
[Source "ChessBase"]
[SourceDate "2016.10.25"]
[SourceVersion "1"]
[SourceVersionDate "2016.10.25"]
[SourceQuality "1"]
[WhiteTeam "Barnet Knights III"]
[BlackTeam "Shropshire III"]
[WhiteTeamCountry "ENG"]
[BlackTeamCountry "ENG"]

1. c4 e5 2. g3 Nf6 3. Bg2 c6 4. Nc3 d5 5. d3 Bb4 6. Nf3 d4 7. a3 Ba5 8. b4 dxc3 9. bxa5 Qxa5 10. Qc2 Nbd7 11. 0-0 0-0 12. a4 Re8 13. Ra3 Nc5 14. Be3 e4 15. Ne1 exd3 16. Nxd3 Bf5 17. Bxc5 Bxd3 18. exd3 Qxc5 19. Qxc3 Rad8 20. Raa1 b6 21. Rfd1 Re2 22. Rd2 Qxf2+ 23. Kh1 Qxg2# 0-1

[Event "BCF-chT4 1516 (4NCL)"]
[Site "England"]
[Date "2016.01.17"]
[Round "4.34"]
[White "Nefyodov, Pavel"]
[Black "Szwajkun, Richard"]
[Result "1-0"]
[WhiteElo "1907"]
[BlackElo "1676"]
[PlyCount "85"]
[EventDate "2015.11.14"]
[EventType "team-swiss"]
[EventRounds "11"]
[EventCountry "ENG"]
[SourceTitle "EXT 2017"]
[Source "ChessBase"]
[SourceDate "2016.10.25"]
[SourceVersion "1"]
[SourceVersionDate "2016.10.25"]
[SourceQuality "1"]
[WhiteTeam "Midland Monarchs II"]
[BlackTeam "Shropshire III"]
[WhiteTeamCountry "ENG"]
[BlackTeamCountry "ENG"]

1. e4 d5 2. exd5 Qxd5 3. Nf3 Bg4 4. Be2 c6 5. d4 Nf6 6. h3 Bxf3 7. Bxf3 Qa5+ 8. c3 Nbd7 9. Qb3 Qb6 10. Nd2 e6 11. Nc4 Qc7 12. g3 Nd5 13. 0-0 Be7 14. a4 0-0 15. Re1 Rfe8 16. Qc2 Rad8 17. b4 b6 18. a5 b5 19. Ne3 Rc8 20. Be4 N7f6 21. Bd3 a6 22. Bd2 Bd6 23. Kg2 g6 24. f4 Nh5 25. Ng4 Kg7 26. Ne5 Nhf6 27. Re2 Nd7 28. Rf1 Nf8 29. Ref2 f6 30. Ng4 Nd7 31. Rf3 f5 32. Ne5 N7f6 33. Be1 Nh5 34. Qe2 Nhf6 35. Bd2 h6 36. R3f2 Qe7 37. g4 fxg4 38. Nxg6 gxh3+ 39. Kxh3 Qd7 40. Ne5 Bxe5 41. fxe5 Ng8 42. Qg4+ Kh8 43. Rf7 1-0